[Event "IECG TE.2005.P.01907"]
[Site "IECG email"]
[Date "2005.06.19"]
[Round "?"]
[White "Rosenstielke, Magnus"]
[Black "Dhooge, Achiel"]
[Result "1-0"]
[WhiteElo "1900"]
[BlackElo "1354"]
[PlyCount "39"]
[EventDate "2005.06.19"]
[EventType "tourn (corr)"]
[EventRounds "8"]
[SourceTitle "Corr 2008"]
[Source "ChessBase"]
[SourceDate "2008.06.24"]
[SourceVersion "1"]
[SourceVersionDate "2008.06.24"]
[SourceQuality "1"]

1. d4 d5 2. e4 dxe4 3. Nc3 Nf6 4. f3 exf3 5. Qxf3 c6 6. h3 e6 7. Bd3 Qxd4 8. Be3 Qb4 9. 0-0-0 Nbd7 10. Nge2 Ne5 11. Qg3 Nxd3+ 12. Rxd3 Qa5 13. Rhd1 Bd7 14. Nd4 Nd5 15. Nb3 Qb4 16. Rd4 Nxc3 17. bxc3 Qa3+ 18. Kb1 0-0-0 19. Bg1 Qe7 20. Ra4 1-0

[Event "IECG TE.2005.P.01907"]
[Site "IECG email"]
[Date "2005.06.19"]
[Round "?"]
[White "Spiljard, Jan"]
[Black "Dhooge, Achiel"]
[Result "1/2-1/2"]
[WhiteElo "1647"]
[BlackElo "1354"]
[PlyCount "34"]
[EventDate "2005.06.19"]
[EventType "tourn (corr)"]
[EventRounds "8"]
[SourceTitle "Corr 2008"]
[Source "ChessBase"]
[SourceDate "2008.06.24"]
[SourceVersion "1"]
[SourceVersionDate "2008.06.24"]
[SourceQuality "1"]

1. d4 d5 2. e4 dxe4 3. Nc3 Nf6 4. f3 exf3 5. Nxf3 Bg4 6. h3 Bxf3 7. Qxf3 c6 8. Be3 e6 9. Bd3 Nbd7 10. 0-0 Qc7 11. a3 Be7 12. b4 Nb6 13. Ne4 Nbd5 14. Bd2 Nb6 15. Bf4 Qd8 16. Be5 Nbd7 17. c3 0-0 1/2-1/2

[Event "IECG CP.2002.Q.00005 email"]
[Site "IECG email"]
[Date "2003.10.01"]
[Round "?"]
[White "Aktunc, Ozgur"]
[Black "Dhooge, Achiel"]
[Result "1-0"]
[WhiteElo "2162"]
[BlackElo "1344"]
[PlyCount "65"]
[EventDate "2003.10.01"]
[EventType "tourn (corr)"]
[EventRounds "10"]
[SourceTitle "Corr 2008"]
[Source "ChessBase"]
[SourceDate "2008.06.24"]
[SourceVersion "1"]
[SourceVersionDate "2008.06.24"]
[SourceQuality "1"]

1. e4 e6 2. d4 d5 3. Nd2 c5 4. exd5 exd5 5. Ngf3 Nc6 6. Bb5 Nf6 7. 0-0 Be7 8. dxc5 Bxc5 9. Re1+ Be7 10. Qe2 Qd6 11. Nb3 Ne4 12. c4 Be6 13. cxd5 Bxd5 14. Nfd4 Qf6 15. Qc2 0-0 16. Bxc6 bxc6 17. Rxe4 Bxe4 18. Qxe4 c5 19. Nf5 Rfe8 20. Nxe7+ Qxe7 21. Qxe7 Rxe7 22. Be3 c4 23. Nd2 Rc8 24. Rc1 Rec7 25. Ne4 Rd8 26. Kf1 f5 27. Nd2 Rdc8 28. Rc3 h6 29. h4 h5 30. Nf3 Rb7 31. b3 Rbc7 32. b4 Rd8 33. Nd2 1-0

[Event "IECG CP.2002.Q.00005 email"]
[Site "IECG email"]
[Date "2003.10.01"]
[Round "?"]
[White "Dhooge, Achiel"]
[Black "Abdelmoumen, Ahmed"]
[Result "1/2-1/2"]
[WhiteElo "1344"]
[BlackElo "2054"]
[PlyCount "62"]
[EventDate "2003.10.01"]
[EventType "tourn (corr)"]
[EventRounds "10"]
[SourceTitle "Corr 2008"]
[Source "ChessBase"]
[SourceDate "2008.06.24"]
[SourceVersion "1"]
[SourceVersionDate "2008.06.24"]
[SourceQuality "1"]

1. d4 Nf6 2. c4 g6 3. g3 Bg7 4. Bg2 0-0 5. Nc3 d6 6. e4 e5 7. dxe5 dxe5 8. Qxd8 Rxd8 9. Bg5 c6 10. Nf3 Re8 11. Rd1 Nbd7 12. 0-0 Nc5 13. Rfe1 Bg4 14. h3 Bxf3 15. Bxf3 Red8 16. Bg2 Ne6 17. Rxd8+ Rxd8 18. Be3 b6 19. Rd1 Rxd1+ 20. Nxd1 Bf8 21. Bd2 a5 22. a3 Nd7 23. b4 axb4 24. axb4 f6 25. Bf1 Kf7 26. b5 cxb5 27. cxb5 f5 28. exf5 gxf5 29. Bc4 e4 30. Bc3 Bc5 31. Ba2 Ndf8 1/2-1/2

[Event "IECG CP.2002.P.00098 email"]
[Site "IECG email"]
[Date "2002.10.01"]
[Round "?"]
[White "Nair, Umesh P"]
[Black "Dhooge, Achiel"]
[Result "0-1"]
[WhiteElo "1873"]
[BlackElo "1316"]
[PlyCount "22"]
[EventDate "2002.10.01"]
[EventType "tourn (corr)"]
[EventRounds "6"]
[EventCountry "GER"]
[SourceTitle "Corr 2008"]
[Source "ChessBase"]
[SourceDate "2008.06.24"]
[SourceVersion "1"]
[SourceVersionDate "2008.06.24"]
[SourceQuality "1"]

1. e4 e5 2. f4 exf4 3. Nf3 d6 4. d4 g5 5. h4 g4 6. Ng1 f5 7. Nc3 Nf6 8. Bd3 fxe4 9. Nxe4 Qe7 10. Qe2 Nh5 11. Ng5 Ng3 0-1

[Event "IECG CP.2000.P.00024"]
[Site "IECG email"]
[Date "2000.10.01"]
[Round "?"]
[White "Dhooge, Achiel"]
[Black "Naumovic, Jovan"]
[Result "1-0"]
[WhiteElo "1174"]
[BlackElo "2165"]
[PlyCount "30"]
[EventDate "2000.10.01"]
[EventType "tourn (corr)"]
[EventRounds "6"]
[EventCountry "RUS"]
[SourceTitle "Corr 2008"]
[Source "ChessBase"]
[SourceDate "2008.06.24"]
[SourceVersion "1"]
[SourceVersionDate "2008.06.24"]
[SourceQuality "1"]

1. d4 d5 2. c4 c6 3. Nc3 Nf6 4. cxd5 cxd5 5. Bf4 Nc6 6. e3 e6 7. Bd3 Bd6 8. Bxd6 Qxd6 9. Nf3 a6 10. 0-0 Bd7 11. a3 0-0 12. Rc1 b5 13. b4 Rac8 14. Re1 Rfe8 15. Qd2 h6 1-0

[Event "IECG CP.2000.P.00024"]
[Site "IECG email"]
[Date "2000.10.01"]
[Round "?"]
[White "Lanin, Boris"]
[Black "Dhooge, Achiel"]
[Result "1-0"]
[WhiteElo "1987"]
[BlackElo "1174"]
[PlyCount "121"]
[EventDate "2000.10.01"]
[EventType "tourn (corr)"]
[EventRounds "6"]
[EventCountry "RUS"]
[SourceTitle "Corr 2024"]
[Source "ChessBase"]
[SourceDate "2023.10.19"]
[SourceVersion "1"]
[SourceVersionDate "2023.10.19"]
[SourceQuality "1"]

1. Nf3 Nf6 2. g3 g6 3. Bg2 Bg7 4. 0-0 c5 5. c4 0-0 6. Nc3 d5 7. cxd5 Nxd5 8. d4 cxd4 9. Nxd4 Nxc3 10. bxc3 Qc7 11. Qb3 Nc6 12. Rd1 Rd8 13. Be3 Bd7 14. Rab1 Na5 15. Qb4 Bc6 16. Nxc6 Rxd1+ 17. Rxd1 Nxc6 18. Qb3 e6 19. Bf4 e5 20. Be3 Bf6 21. h4 Rc8 22. h5 b6 23. hxg6 hxg6 24. Rd3 Kg7 25. Qa4 Nb8 26. Bd5 Rh8 27. Qb3 Nc6 28. Qc4 Rc8 29. Qe4 Ne7 30. Bb3 Rh8 31. Bc1 b5 32. Ba3 Nf5 33. g4 Rh4 34. Qg2 Nh6 35. Bd6 Qc8 36. g5 Bxg5 37. Bxe5+ Bf6 38. Bxf6+ Kxf6 39. Qd5 a6 40. Qd7 Qxd7 41. Rxd7 a5 42. e3 Rh5 43. Bd5 Re5 44. e4 Rg5+ 45. Kf1 Rh5 46. Rb7 Rh3 47. Rxb5 Rxc3 48. Rxa5 Ng4 49. Ra7 Ne5 50. Rb7 Ra3 51. Rb3 Ra4 52. Kg2 g5 53. Kg3 Ra5 54. Rb6+ Ke7 55. Rb7+ Kf6 56. f3 Rc5 57. Rb6+ Kg7 58. Rb3 f5 59. Rb2 f4+ 60. Kg2 Rc3 61. Rb3 1-0

[Event "IECG C3.2000.0.00152"]
[Site "IECG email"]
[Date "2000.08.14"]
[Round "?"]
[White "Dhooge, Achiel"]
[Black "Bursian, Arnold"]
[Result "1/2-1/2"]
[WhiteElo "1158"]
[BlackElo "800"]
[PlyCount "82"]
[EventDate "2000.08.14"]
[EventType "tourn (corr)"]
[EventRounds "6"]
[SourceTitle "Corr 2008"]
[Source "ChessBase"]
[SourceDate "2008.06.24"]
[SourceVersion "1"]
[SourceVersionDate "2008.06.24"]
[SourceQuality "1"]

1. d4 Nf6 2. c4 e6 3. Nc3 d5 4. cxd5 exd5 5. Bf4 Be7 6. e3 Bf5 7. Nge2 0-0 8. Rc1 c6 9. Ng3 Bg6 10. Be2 Qb6 11. Qd2 Nbd7 12. 0-0 Rfe8 13. Rfd1 Qb4 14. Bf3 Nb6 15. b3 Rad8 16. h3 h6 17. Qb2 Bd6 18. Bxd6 Qxd6 19. a3 Qe7 20. a4 Qb4 21. Na2 Qd6 22. a5 Nbd7 23. Qc3 Nb8 24. Nb4 Rc8 25. Qc5 Qxc5 26. Rxc5 Nbd7 27. Rc3 a6 28. Rdc1 Rcd8 29. Be2 Ne4 30. Nxe4 Bxe4 31. Bxa6 bxa6 32. Nxa6 Nb8 33. Nb4 Rd6 34. Nxc6 Nxc6 35. Rxc6 Rxc6 36. Rxc6 Kf8 37. b4 Bd3 38. Rb6 Ra8 39. g4 Ke7 40. Kh2 Ra7 41. Kg3 f6 1/2-1/2

[Event "IECG C3.2000.0.00152"]
[Site "IECG email"]
[Date "2000.08.14"]
[Round "?"]
[White "Dion, Michel"]
[Black "Dhooge, Achiel"]
[Result "0-1"]
[WhiteElo "1032"]
[BlackElo "1158"]
[PlyCount "48"]
[EventDate "2000.08.14"]
[EventType "tourn (corr)"]
[EventRounds "6"]
[SourceTitle "Corr 2008"]
[Source "ChessBase"]
[SourceDate "2008.06.24"]
[SourceVersion "1"]
[SourceVersionDate "2008.06.24"]
[SourceQuality "1"]

1. d4 Nf6 2. c4 c5 3. d5 b5 4. cxb5 a6 5. bxa6 Bxa6 6. Nc3 d6 7. e4 Bxf1 8. Kxf1 g6 9. g3 Bg7 10. Kg2 0-0 11. Nf3 Nbd7 12. h3 Qa5 13. Re1 Rfb8 14. e5 dxe5 15. Nxe5 Nxe5 16. Rxe5 Qc7 17. Re2 Qb7 18. Be3 e6 19. Bxc5 Rc8 20. Ba3 Rxc3 21. bxc3 Nxd5 22. Kh2 Nxc3 23. Rb2 Nxd1 24. Rxb7 Bxa1 0-1

[Event "IECG C3.2000.0.00152"]
[Site "IECG email"]
[Date "2000.08.14"]
[Round "?"]
[White "Samsel, Michael"]
[Black "Dhooge, Achiel"]
[Result "0-1"]
[WhiteElo "1345"]
[BlackElo "1158"]
[PlyCount "56"]
[EventDate "2000.08.14"]
[EventType "tourn (corr)"]
[EventRounds "6"]
[SourceTitle "Corr 2008"]
[Source "ChessBase"]
[SourceDate "2008.06.24"]
[SourceVersion "1"]
[SourceVersionDate "2008.06.24"]
[SourceQuality "1"]

1. e4 e5 2. Nf3 Nf6 3. Nxe5 d6 4. Nf3 Nxe4 5. Qe2 Qe7 6. d3 Nf6 7. Bg5 Nbd7 8. Nc3 h6 9. Bh4 Qxe2+ 10. Bxe2 c6 11. 0-0 Be7 12. Rad1 0-0 13. Nd4 Re8 14. Nf5 Bf8 15. Rfe1 d5 16. a3 g6 17. Nd4 Bg7 18. b4 Nh7 19. b5 Bxd4 20. Na2 cxb5 21. Nb4 Nb6 22. Bf3 Rxe1+ 23. Rxe1 Be6 24. Be7 Rc8 25. Re2 Ng5 26. Bxg5 hxg5 27. Kf1 a5 28. Na2 g4 0-1

[Event "IECG L3.1999.0.00003 email"]
[Site "IECG email"]
[Date "1999.10.19"]
[Round "?"]
[White "Dhooge, Achiel"]
[Black "Pinasco, Juan Pablo"]
[Result "0-1"]
[WhiteElo "1089"]
[BlackElo "1078"]
[PlyCount "72"]
[EventDate "1999.10.19"]
[EventType "tourn (corr)"]
[EventRounds "14"]
[SourceTitle "Corr 2008"]
[Source "ChessBase"]
[SourceDate "2008.06.24"]
[SourceVersion "1"]
[SourceVersionDate "2008.06.24"]
[SourceQuality "1"]

1. d4 d5 2. c4 e6 3. Nc3 c5 4. cxd5 cxd4 5. Qxd4 Nc6 6. Qd2 exd5 7. Qxd5 Bd7 8. Nf3 Nf6 9. Qd3 Nb4 10. Qb1 Bc6 11. e4 Rc8 12. Bg5 Be7 13. Bxf6 Bxf6 14. a3 Qe7 15. axb4 Bxc3+ 16. bxc3 Bxe4 17. Qb2 Bxf3+ 18. Be2 Bh5 19. Ra5 g6 20. f3 0-0 21. g4 Qh4+ 22. Kf1 Qh3+ 23. Kf2 Bxg4 24. fxg4 Rxc3 25. Qd2 Re8 26. Rd5 Rce3 27. Bd1 h5 28. Rd4 b5 29. gxh5 R8e5 30. Rf4 Rd3 31. Qc1 Rxd1 32. Qxd1 Qe3+ 33. Kg2 Qxf4 34. Rf1 Qxb4 35. Qd8+ Qf8 36. Qxf8+ Kxf8 0-1

[Event "IECG L3.1999.0.00003 email"]
[Site "IECG email"]
[Date "1999.10.19"]
[Round "?"]
[White "Dhooge, Achiel"]
[Black "Schott, Thomas E"]
[Result "1-0"]
[WhiteElo "1089"]
[BlackElo "1270"]
[PlyCount "91"]
[EventDate "1999.10.19"]
[EventType "tourn (corr)"]
[EventRounds "14"]
[SourceTitle "Corr 2008"]
[Source "ChessBase"]
[SourceDate "2008.06.24"]
[SourceVersion "1"]
[SourceVersionDate "2008.06.24"]
[SourceQuality "1"]

1. d4 Nf6 2. c4 g6 3. Nc3 d5 4. cxd5 Nxd5 5. e4 Nxc3 6. bxc3 Bg7 7. Nf3 c5 8. Be3 Qa5 9. Qd2 Nc6 10. Rb1 a6 11. Bc4 0-0 12. Bd5 Rd8 13. 0-0 cxd4 14. cxd4 Qxd2 15. Bxd2 Nxd4 16. Nxd4 Bxd4 17. Rfd1 e5 18. Ba5 Rd7 19. Rdc1 Kf8 20. a3 Kg7 21. g4 Rxd5 22. exd5 Bxg4 23. Rxb7 Bf3 24. Rd7 Rb8 25. Bd2 Rb2 26. Be1 Rb5 27. Rcc7 Bxd5 28. a4 Rb1 29. Rxd5 Rxe1+ 30. Kg2 Re2 31. Kg3 Rd2 32. Rcd7 Bxf2+ 33. Kf3 Rxd5 34. Rxd5 Bd4 35. Ra5 f5 36. Rxa6 e4+ 37. Ke2 Bg1 38. h3 Kh6 39. a5 Kg5 40. Rc6 Kh4 41. Kf1 Be3 42. a6 Kg5 43. Rc7 h6 44. a7 Bxa7 45. Rxa7 Kf4 46. Ra6 1-0

[Event "IECG L3.1999.0.00003 email"]
[Site "IECG email"]
[Date "1999.10.19"]
[Round "?"]
[White "Lopez Perez, Oscar"]
[Black "Dhooge, Achiel"]
[Result "0-1"]
[WhiteElo "1185"]
[BlackElo "1089"]
[PlyCount "36"]
[EventDate "1999.10.19"]
[EventType "tourn (corr)"]
[EventRounds "14"]
[SourceTitle "Corr 2008"]
[Source "ChessBase"]
[SourceDate "2008.06.24"]
[SourceVersion "1"]
[SourceVersionDate "2008.06.24"]
[SourceQuality "1"]

1. d4 Nf6 2. c4 c5 3. d5 b5 4. cxb5 a6 5. e3 g6 6. Nc3 Bg7 7. e4 d6 8. Qb3 0-0 9. b6 Bb7 10. Bd3 Nbd7 11. Na4 Re8 12. Bf4 e6 13. Bxd6 exd5 14. Qd1 Nxe4 15. Bxe4 Nxb6 16. Nxc5 Qxd6 17. Rc1 Qe7 18. Ne2 Bxb2 0-1

[Event "IECG CP.1999.P.00062"]
[Site "IECG email"]
[Date "1999.10.01"]
[Round "?"]
[White "Sidenko, Anatoly Viktorovich"]
[Black "Dhooge, Achiel"]
[Result "1-0"]
[WhiteElo "2199"]
[BlackElo "1098"]
[PlyCount "79"]
[EventDate "1999.10.01"]
[EventType "tourn (corr)"]
[EventRounds "6"]
[EventCountry "MEX"]
[SourceTitle "Corr 2008"]
[Source "ChessBase"]
[SourceDate "2008.06.24"]
[SourceVersion "1"]
[SourceVersionDate "2008.06.24"]
[SourceQuality "1"]

1. d4 Nf6 2. Bg5 Ne4 3. Bh4 g5 4. f3 gxh4 5. fxe4 c5 6. e3 Bh6 7. Kf2 cxd4 8. exd4 e5 9. Qh5 Qf6+ 10. Nf3 exd4 11. Na3 Be3+ 12. Ke1 Nc6 13. Qxh4 Qxh4+ 14. Nxh4 d6 15. Nb5 Kd7 16. Nf5 Bf4 17. g3 Be5 18. Rd1 Re8 19. c3 dxc3 20. bxc3 Re6 21. Bh3 Kd8 22. Bg2 Kd7 23. c4 a6 24. Nbxd6 Bxd6 25. c5 b6 26. Nxd6 bxc5 27. Bh3 Ke7 28. Nxc8+ Rxc8 29. Bxe6 Kxe6 30. Kd2 Rb8 31. Rb1 Rb5 32. Rxb5 axb5 33. Rc1 c4 34. Ke3 Kd6 35. Rd1+ Kc5 36. Rd5+ Kb6 37. a3 c3 38. Rh5 b4 39. axb4 c2 40. Kd2 1-0

[Event "IECG C3.1999.0.00113"]
[Site "IECG email"]
[Date "1999.08.30"]
[Round "?"]
[White "Casser, Aaron"]
[Black "Dhooge, Achiel"]
[Result "0-1"]
[WhiteElo "1216"]
[BlackElo "1054"]
[PlyCount "36"]
[EventDate "1999.08.30"]
[EventType "tourn (corr)"]
[EventRounds "6"]
[SourceTitle "Corr 2008"]
[Source "ChessBase"]
[SourceDate "2008.06.24"]
[SourceVersion "1"]
[SourceVersionDate "2008.06.24"]
[SourceQuality "1"]

1. e4 e5 2. Nf3 Nf6 3. d4 Nxe4 4. Bd3 d5 5. Nxe5 Nd7 6. Qe2 Qe7 7. Bxe4 dxe4 8. Nxd7 Bxd7 9. Nc3 0-0-0 10. 0-0 f5 11. Be3 Qh4 12. d5 Kb8 13. h3 Bd6 14. Qc4 g5 15. Nb5 Bxb5 16. Qxb5 g4 17. Qa4 b6 18. g3 Bxg3 0-1

[Event "IECG C3.1999.0.00113"]
[Site "IECG email"]
[Date "1999.08.30"]
[Round "?"]
[White "Dhooge, Achiel"]
[Black "Rzepka, Piotr"]
[Result "1-0"]
[WhiteElo "1054"]
[BlackElo "1296"]
[PlyCount "93"]
[EventDate "1999.08.30"]
[EventType "tourn (corr)"]
[EventRounds "6"]
[SourceTitle "Corr 2008"]
[Source "ChessBase"]
[SourceDate "2008.06.24"]
[SourceVersion "1"]
[SourceVersionDate "2008.06.24"]
[SourceQuality "1"]

1. d4 Nf6 2. c4 e6 3. Nc3 Bb4 4. Nf3 c5 5. Bg5 h6 6. Bxf6 Qxf6 7. e3 d6 8. Bd3 Bxc3+ 9. bxc3 Nd7 10. 0-0 0-0 11. Bc2 Qd8 12. Qd3 Nf6 13. Rfd1 Bd7 14. e4 Bc6 15. d5 Bd7 16. e5 dxe5 17. Nxe5 exd5 18. cxd5 Re8 19. Re1 b5 20. d6 Rb8 21. Rad1 Rb6 22. Re3 Rxe5 23. Rxe5 a6 24. Rxc5 a5 25. h3 Bc6 26. Rb1 Be4 27. Qe2 Bxc2 28. Qxc2 h5 29. a4 Rxd6 30. Rcxb5 Ne8 31. R1b2 Rd1+ 32. Kh2 Re1 33. Qd2 Qc7+ 34. f4 Re4 35. Rb8 Kf8 36. Qd5 Re3 37. Qd4 Rxc3 38. Rd8 Re3 39. Rbb8 Re2 40. Rb5 Qc6 41. Qc5+ Qxc5 42. Rxc5 Re4 43. Rxa5 Ke7 44. Rdd5 Rxf4 45. Rxh5 Nc7 46. Rhf5 Rd4 47. Ra7 1-0

[Event "IECG CP.1998.P.00035"]
[Site "IECG email"]
[Date "1998.10.01"]
[Round "?"]
[White "Dhooge, Achiel"]
[Black "Sullivan, Glen"]
[Result "1-0"]
[WhiteElo "800"]
[BlackElo "1157"]
[PlyCount "55"]
[EventDate "1998.10.01"]
[EventType "tourn (corr)"]
[EventRounds "6"]
[EventCountry "GER"]
[SourceTitle "Corr 2008"]
[Source "ChessBase"]
[SourceDate "2008.06.24"]
[SourceVersion "1"]
[SourceVersionDate "2008.06.24"]
[SourceQuality "1"]

1. d4 d5 2. c4 Nf6 3. Nc3 Nc6 4. cxd5 Nxd5 5. e4 Nxc3 6. bxc3 e6 7. Nf3 Be7 8. Bd3 0-0 9. Bc2 f5 10. Qe2 Kh8 11. Bf4 Bd7 12. Rb1 b6 13. 0-0 Bd6 14. Bg5 Qe8 15. Rfe1 fxe4 16. Qxe4 g6 17. Bb3 Qf7 18. d5 Nd8 19. dxe6 Bxe6 20. Qxa8 Bxb3 21. axb3 Ne6 22. Qd5 Nxg5 23. Qd4+ Kg8 24. Nxg5 Qxf2+ 25. Qxf2 Bc5 26. Qxc5 bxc5 27. Re5 Rf5 28. Rxf5 1-0